Maailman kylmimmät pääkaupungit - Statistics

Yleistilastot
  • Tätä visaa on pelattu 944 kertaa
    665 viimeisimmän päivityksen jälkeen
  • Keskiarvotulos 15 / 20
Vastaustilastot
°C Pääkaupunki Maa % Oikein
5,9 Helsinki Suomi
99%
6,8 Oslo Norja
98%
7,6 Tukholma Ruotsi
98%
5,8 Moskova Venäjä
97%
4,7 Reykjavik Islanti
95%
5,9 Tallinna Viro
91%
9,1 Kööpenhamina Tanska
86%
6,1 Riika Latvia
86%
6,6 Ottawa Kanada
85%
6,7 Vilna Liettua
84%
9,3 Berliini Saksa
78%
8,5 Varsova Puola
76%
6,7 Minsk Valko-Venäjä
71%
9,7 Dublin Irlanti
68%
8,4 Kiova Ukraina
63%
-0,4 Ulaanbaatar Mongolia
54%
3,5 Astana Kazakstan
46%
8,8 Bern Sveitsi
45%
9,3 Luxemburg Luxemburg
22%
8,8 La Paz Bolivia
14%
Ehtoja vastaavia visoja ei löytynyt
Tulosjakauma
Jokaisen tuloksen saaneiden osuus
Persentiili vastausten määrän mukaan
Tuloshistoriasi
Et ole pelannut tätä visaa sen viimeisimmän päivityksen jälkeen